000 00239nam a2200097Ia 4500
001 881562
005 20250826182642.0
008 250824s9999 xx 000 0 und d
245 0 _aOSMANLI DAN HİKAYELER
_cANONİM
260 _bPANAMA YAYINLARI
999 _c881562
_d881562